Quantifying the effects of temperature and photoperiod on phenological development to flowering in rice
Guardat en:
| Autor principal: | |
|---|---|
| Format: | Llibre |
| Idioma: | Undetermined |
| Publicat: |
Wageningen
Wageningen Univ
1996
|
| Matèries: | |
| Etiquetes: |
Afegir etiqueta
Sense etiquetes, Sigues el primer a etiquetar aquest registre!
|
| Thư viện lưu trữ: | Trung tâm Học liệu Trường Đại học Cần Thơ |
|---|
| LEADER | 00567nam a2200181Ia 4500 | ||
|---|---|---|---|
| 001 | CTU_42801 | ||
| 008 | 210402s9999 xx 000 0 und d | ||
| 082 | |a 633.188 | ||
| 082 | |b Y51 | ||
| 100 | |a Xinyou Yin | ||
| 245 | 0 | |a Quantifying the effects of temperature and photoperiod on phenological development to flowering in rice | |
| 245 | 0 | |c Xinyou Yin | |
| 260 | |a Wageningen | ||
| 260 | |b Wageningen Univ | ||
| 260 | |c 1996 | ||
| 650 | |a rice - physiology | ||
| 904 | |i Nguyễn Quang Điền, 010704 | ||
| 980 | |a Trung tâm Học liệu Trường Đại học Cần Thơ | ||